<?xml version="1.0" encoding="UTF-8"?>
<record
    xmlns:xsi="http://www.w3.org/2001/XMLSchema-instance"
    xsi:schemaLocation="http://www.loc.gov/MARC21/slim http://www.loc.gov/standards/marcxml/schema/MARC21slim.xsd"
    xmlns="http://www.loc.gov/MARC21/slim">

  <leader>02471cam a22004334a 4500</leader>
  <controlfield tag="001">15426178</controlfield>
  <controlfield tag="003">NUST</controlfield>
  <controlfield tag="005">20220202115343.0</controlfield>
  <controlfield tag="008">080825s2009    gw a     b    100 0 eng  </controlfield>
  <datafield tag="010" ind1=" " ind2=" ">
    <subfield code="a">  2008936031</subfield>
  </datafield>
  <datafield tag="020" ind1=" " ind2=" ">
    <subfield code="a">9783540858423</subfield>
  </datafield>
  <datafield tag="020" ind1=" " ind2=" ">
    <subfield code="a">3540858423</subfield>
  </datafield>
  <datafield tag="038" ind1=" " ind2=" ">
    <subfield code="a">Rani Shaista Kanwal </subfield>
  </datafield>
  <datafield tag="040" ind1=" " ind2=" ">
    <subfield code="a">DLC</subfield>
    <subfield code="c">DLC</subfield>
    <subfield code="d">DLC</subfield>
  </datafield>
  <datafield tag="050" ind1="0" ind2="0">
    <subfield code="a">QH442.6</subfield>
    <subfield code="b">.G464 2009</subfield>
  </datafield>
  <datafield tag="082" ind1="0" ind2="0">
    <subfield code="a">636.0821</subfield>
    <subfield code="2">22</subfield>
  </datafield>
  <datafield tag="245" ind1="0" ind2="0">
    <subfield code="a">Genetic engineering in livestock :</subfield>
    <subfield code="b">new applications and interdisciplinary perspectives /</subfield>
    <subfield code="c">M. Engelhard, K. Hagen, M. Boysen, (eds.).</subfield>
  </datafield>
  <datafield tag="260" ind1=" " ind2=" ">
    <subfield code="a">Berlin :</subfield>
    <subfield code="b">Springer,</subfield>
    <subfield code="c">c2009.</subfield>
  </datafield>
  <datafield tag="300" ind1=" " ind2=" ">
    <subfield code="a">xiv, 143 p. :</subfield>
    <subfield code="b">ill. ;</subfield>
    <subfield code="c">24 cm.</subfield>
  </datafield>
  <datafield tag="490" ind1="1" ind2=" ">
    <subfield code="a">Ethics of science and technology assessment,</subfield>
    <subfield code="x">1860-4803 ;</subfield>
    <subfield code="v">v. 34</subfield>
  </datafield>
  <datafield tag="500" ind1=" " ind2=" ">
    <subfield code="a">"[S]ymposium on "New applications of livestock genetic engineering" that took place from 21st to 22nd of September 2007 in Berlin.  The results of the symposium are published in these proceedings"--P. [vii].</subfield>
  </datafield>
  <datafield tag="504" ind1=" " ind2=" ">
    <subfield code="a">Includes bibliographical references.</subfield>
  </datafield>
  <datafield tag="505" ind1="0" ind2="0">
    <subfield code="t">Transgenic farm animals : current status and perspectives for agriculture and biomedicine /</subfield>
    <subfield code="r">Heiner Niemann, Wilfried Kues, Joseph W. Carnwath --</subfield>
    <subfield code="t">Methods to generate transgenic animals /</subfield>
    <subfield code="r">Louis-Marie Houdebine --</subfield>
    <subfield code="t">Animal pharming : past experience and future prospects /</subfield>
    <subfield code="r">Angelika Schnieke --</subfield>
    <subfield code="t">Market development of biopharmaceuticals /</subfield>
    <subfield code="r">Gary Walsh --</subfield>
    <subfield code="t">Ethical aspects of livestock genetic engineering /</subfield>
    <subfield code="r">Matthias Kaiser --</subfield>
    <subfield code="t">Assessing the welfare of transgenic farm animals /</subfield>
    <subfield code="r">Cornelis G. Van Reenen.</subfield>
  </datafield>
  <datafield tag="563" ind1=" " ind2=" ">
    <subfield code="a">HB</subfield>
  </datafield>
  <datafield tag="650" ind1=" " ind2="0">
    <subfield code="a">Livestock</subfield>
    <subfield code="x">Genetic engineering</subfield>
    <subfield code="v">Congresses.</subfield>
    <subfield code="9">88721</subfield>
  </datafield>
  <datafield tag="650" ind1=" " ind2="0">
    <subfield code="a">Transgenic animals</subfield>
    <subfield code="v">Congresses.</subfield>
    <subfield code="9">88722</subfield>
  </datafield>
  <datafield tag="650" ind1=" " ind2="0">
    <subfield code="a">Genetic engineering</subfield>
    <subfield code="x">Moral and ethical aspects</subfield>
    <subfield code="v">Congresses.</subfield>
    <subfield code="9">88723</subfield>
  </datafield>
  <datafield tag="650" ind1=" " ind2="0">
    <subfield code="a">Animal biotechnology</subfield>
    <subfield code="v">Congresses.</subfield>
    <subfield code="9">88724</subfield>
  </datafield>
  <datafield tag="700" ind1="1" ind2=" ">
    <subfield code="a">Engelhard, M.</subfield>
    <subfield code="q">(Margret)</subfield>
    <subfield code="9">88725</subfield>
  </datafield>
  <datafield tag="700" ind1="1" ind2=" ">
    <subfield code="a">Hagen, Kristin.</subfield>
    <subfield code="9">88726</subfield>
  </datafield>
  <datafield tag="700" ind1="1" ind2=" ">
    <subfield code="a">Boysen, M.</subfield>
    <subfield code="q">(Mathias)</subfield>
    <subfield code="9">88727</subfield>
  </datafield>
  <datafield tag="830" ind1=" " ind2="0">
    <subfield code="a">Wissenschaftsethik und Technikfolgenbeurteilung ;</subfield>
    <subfield code="v">Bd. 34.</subfield>
    <subfield code="9">88728</subfield>
  </datafield>
  <datafield tag="856" ind1="4" ind2="1">
    <subfield code="3">Table of contents only</subfield>
    <subfield code="u">http://www.loc.gov/catdir/enhancements/fy0910/2008936031-t.html</subfield>
  </datafield>
  <datafield tag="856" ind1="4" ind2="2">
    <subfield code="3">Publisher description</subfield>
    <subfield code="u">http://www.loc.gov/catdir/enhancements/fy0910/2008936031-d.html</subfield>
  </datafield>
  <datafield tag="906" ind1=" " ind2=" ">
    <subfield code="a">7</subfield>
    <subfield code="b">cbc</subfield>
    <subfield code="c">origres</subfield>
    <subfield code="d">2</subfield>
    <subfield code="e">ncip</subfield>
    <subfield code="f">20</subfield>
    <subfield code="g">y-gencatlg</subfield>
  </datafield>
  <datafield tag="942" ind1=" " ind2=" ">
    <subfield code="2">ddc</subfield>
    <subfield code="c">BK</subfield>
  </datafield>
  <datafield tag="999" ind1=" " ind2=" ">
    <subfield code="c">587751</subfield>
    <subfield code="d">587751</subfield>
  </datafield>
  <datafield tag="952" ind1=" " ind2=" ">
    <subfield code="0">0</subfield>
    <subfield code="1">0</subfield>
    <subfield code="2">ddc</subfield>
    <subfield code="4">0</subfield>
    <subfield code="7">0</subfield>
    <subfield code="a">ASAB</subfield>
    <subfield code="b">ASAB</subfield>
    <subfield code="d">2019-06-24</subfield>
    <subfield code="e">Golden books</subfield>
    <subfield code="l">0</subfield>
    <subfield code="o">636.0821 GEN 2009 3467</subfield>
    <subfield code="p">ASAB3467</subfield>
    <subfield code="r">2022-02-02</subfield>
    <subfield code="t">01</subfield>
    <subfield code="w">2019-06-24</subfield>
    <subfield code="y">BK</subfield>
  </datafield>
</record>
